Mein nastik kyun hun (Record no. 3735)
[ view plain ]
| 000 -LEADER | |
|---|---|
| fixed length control field | 00423nam a22001817a 4500 |
| 003 - CONTROL NUMBER IDENTIFIER | |
| control field | OSt |
| 005 - DATE AND TIME OF LATEST TRANSACTION | |
| control field | 20250318151742.0 |
| 008 - FIXED-LENGTH DATA ELEMENTS--GENERAL INFORMATION | |
| fixed length control field | 250318b |||||||| |||| 00| 0 eng d |
| 020 ## - INTERNATIONAL STANDARD BOOK NUMBER | |
| International Standard Book Number | 9789393050403 |
| 082 ## - DEWEY DECIMAL CLASSIFICATION NUMBER | |
| Classification number | 8H3 PREM |
| Item number | PREM |
| 100 ## - MAIN ENTRY--PERSONAL NAME | |
| Personal name | Premchand, Munshi |
| 245 ## - TITLE STATEMENT | |
| Title | Mein nastik kyun hun |
| 260 ## - PUBLICATION, DISTRIBUTION, ETC. | |
| Place of publication, distribution, etc. | Gurugram |
| Name of publisher, distributor, etc. | Lexicon Books |
| 300 ## - PHYSICAL DESCRIPTION | |
| Extent | 104p. |
| 546 ## - LANGUAGE NOTE | |
| Language note | Hindi |
| 651 ## - SUBJECT ADDED ENTRY--GEOGRAPHIC NAME | |
| Geographic name | Hindi fiction |
| 942 ## - ADDED ENTRY ELEMENTS (KOHA) | |
| Source of classification or shelving scheme | Dewey Decimal Classification |
| Koha item type | Book |
| Withdrawn status | Lost status | Source of classification or shelving scheme | Damaged status | Not for loan | Collection code | Home library | Current library | Shelving location | Date acquired | Source of acquisition | Cost, normal purchase price | Inventory number | Total Checkouts | Total Renewals | Full call number | Barcode | Date last seen | Date last checked out | Price effective from | Koha item type |
|---|---|---|---|---|---|---|---|---|---|---|---|---|---|---|---|---|---|---|---|---|
| Dewey Decimal Classification | Fiction | RIC Library | RIC Library | General Stacks | 03/18/2025 | Subhi publications | 195.00 | 199/21.02.2025 | 2 | 1 | 8H3 PREM | 003024 | 12/16/2025 | 11/21/2025 | 03/18/2025 | Book |
